000 00636nam a22001817a 4500
003 CEME
005 20210628203640.0
008 210203b xxu||||| |||| 00| 0 eng d
020 _a0-8031-0933-4
040 _c.
082 _a601.4 HAZ
100 _aBrower, James E
_966691
245 _aHazard communication issues and implementation
260 _aNEW YORK
_bASTM
_c1986
300 _a231P
650 _aINDUSTREAL HYGIENE LAW AND LEGISLATION US CONGRESSES, HAZARDOUS SUBSTANCES LAW AND LEGISLATION US CONGRESSES, INDUSTRIAL SAFETY LAW AND LEGISLATION US CONGRESSES, HAZARDOUS SUBSTANCE US CONGRESSES,
_966692
942 _cBK
_2ddc
999 _c574619
_d574619